00346nam a2200133Ia 4500008004100000041000800041082001700049100001900066245003900085250001400124260003500138300003200173365000700205240624s9999 xx 000 0 und d aeng a658.4012 HUN aHUNGER J DAVID aESSENTIALS OF STRATEGIC MANAGEMENT a(3rd ed.) c2004aNew DelhibPrentice-Hall aviii, : 191 : p. : cm. ; 24 cRS